Score 0/20 Timer 04:00
2 Plays Today
Hint Missing Word % Correct
The Good, the Bad, and the _____Ugly
98.4%
_____, set, goReady
96.7%
_____, Son, and Holy SpiritFather
96.3%
_____, sweat, and tearsBlood
96.2%
Government of the people, by the people, _____ the peopleFor
95.2%
Me, _____, and IMyself
94.9%
_____, dark, and handsomeTall
94.9%
Lights, _____, actionCamera
94.2%
_____, lettuce, and tomato Bacon
93.3%
Hook, _____, and sinkerLine
92.7%
Hint Missing Word % Correct
It's a bird, it's a plane, it's _____Superman
92.3%
Tom, Dick, and _____Harry
91.3%
I came, I saw, I _____Conquered
90.9%
_____, sealed, and delivered Signed
90.7%
Stop, look, and _____Listen
86%
Life, _____, and the Pursuit of HappinessLiberty
75.8%
Gold, _____, and myrrhFrankincense
70.4%
Hanged, _____, and quarteredDrawn
68.7%
Friends, _____, CountrymenRomans
64%
_____, higher, strongerFaster
62.3%

Today's Daily Dose

Missing Word
I Hardly Know Her!

Word Ladder
Sentence Ending

Quick Pick
Female Firsts

Get the Picture
Triathlon Sports

Remove Ads.
Support Sporcle.
Get the best of Sporcle when you Go Orange. This ad-free experience offers more features, more stats, and more fun while also helping to support Sporcle. Thank you for becoming a member.

You're not logged in!

Compare scores with friends on all Sporcle quizzes.
OR
Log In

Show Comments

Extras

Top Quizzes Today


Score Distribution

Your Account Isn't Verified!

In order to create a playlist on Sporcle, you need to verify the email address you used during registration. Go to your Sporcle Settings to finish the process.

Report this User

Report this user for behavior that violates our Community Guidelines.

Details: